000 00448nam a2200181Ia 4500
005 20240823005618.0
008 240823s9999||||xx |||||||||||||| ||und||
041 _aENGLISH
082 _A621.3191 N6
100 _aPartab H
245 0 _aArt and Science of Utilisation Electrical Energy
250 _a9th
260 _c1996
_b"Dhanpat Rai,Delhi"
500 _aYES
650 _aElectrical Energy
_bElectrical
942 _cBK
999 _c156218
_d156218